DC Character Pictures - Statistics

General Stats
  • This quiz has been taken 38 times
    36 since last reset
  • The average score is 86 of 172
Answer Stats
Picture Answer % Correct
Aquaman
93%
Raven
90%
Robin
90%
The Joker
90%
Wonder Woman
90%
Alfred
86%
Batgirl
86%
Harley Quinn
86%
The Penguin
86%
Bane
83%
Catwoman
83%
Nightwing
83%
Shazam | Captain Marvel
83%
The Riddler
83%
Batman
79%
Green Lantern
79%
Lex Luthor
79%
Reverse Flash
79%
Superboy
79%
The Flash
79%
Bizarro
76%
Blue Beetle
76%
Brainiac
76%
Clayface
76%
Cyborg
76%
Green Arrow
76%
Hawkman
76%
Red Hood
76%
Scarecrow
76%
Supergirl
76%
Superman
76%
Two-Face
76%
Batwoman
72%
Black Adam
72%
Black Manta
72%
Doctor Fate
72%
Hawkgirl
72%
Kid Flash
72%
Killer Croc
72%
Krypto
72%
Mad Hatter
72%
Martian Manhunter
72%
Mr. Freeze
72%
Poison Ivy
72%
Batman Who Laughs
69%
Beast Boy
69%
Booster Gold
69%
Cheetah
69%
Deathstroke
69%
Doomsday
69%
Man-Bat
69%
Peacemaker
69%
Plastic Man
69%
The Atom
69%
Zatanna
69%
Black Lightning
66%
Black Mask
66%
Captain Cold
66%
Darkseid
66%
Lobo
66%
Starfire
66%
Swamp Thing
66%
Gorilla Grodd
62%
Black Canary
59%
Captain Boomerang
59%
Constantine
59%
King Shark
59%
Mr. Terrific
59%
Owlman
59%
Red Tornado
59%
Solomon Grundy
59%
Ultraman
59%
Vixen
59%
Bat-Cow
55%
Hush
55%
James Gordon
55%
Lois Lane
55%
Metamorpho
55%
Aqualad
52%
Deadshot
52%
Huntress
52%
John Stewart
52%
Polka-Dot Man
52%
Sinestro
52%
Stargirl
52%
The Question
52%
Ace
48%
Bat-Mite
48%
Condiment King
48%
General Zod
48%
Jimmy Olsen
48%
Katana
48%
Mera
48%
Miss Martian
48%
Power Girl
48%
Professor Pyg
48%
Ra's al Ghul
48%
Captain Atom
45%
Detective Chimp
45%
Firefly
45%
Hugo Strange
45%
Kilowog
45%
Lucius Fox
45%
Arsenal
41%
Big Barda
41%
Firestorm
41%
Killer Moth
41%
Oceanmaster
41%
Wonder Girl
41%
Atom Smasher
38%
Batman Beyond
38%
Batwing
38%
Cyborg Superman
38%
Etrigan
38%
Metallo
38%
Mirror Master
38%
Mister Miracle
38%
Talia al Ghul
38%
Victor Zsasz
38%
Amazo
34%
Atrocitus
34%
Godspeed
34%
Killer Frost
34%
Star Sapphire
34%
Talon
34%
Azrael
31%
Bloodsport
31%
Elongated Man
31%
Mongul
31%
Ventriloquist
31%
Zoom
31%
Dex-Starr
28%
Giganta
28%
Mr. Mxyzptlk
28%
Orion
28%
Saint Walker
28%
Steel
28%
The Signal
28%
Black Hand
24%
Parasite
24%
Ratcatcher
24%
Trickster
24%
Ultra-Humanite
24%
Bronze Tiger
21%
Cheshire
21%
Larfleeze
21%
Manchester Black
21%
Terra
21%
The Spoiler
21%
Vibe
21%
Weather Wizard
21%
Bleez
17%
Golden Glider
17%
Heat Wave
17%
Indigo-1
17%
KGBeast
17%
The Thinker
17%
Vickie Vale
17%
Ambush Bug
14%
Music Meister
14%
Abra Kadabra
10%
Anti-Monitor
10%
Great White Shark
10%
Kalibak
10%
Platinum
10%
Arkillo
7%
Savitar
7%
Bloodwork
3%
Doctor Alchemy
3%
Plastique
3%
Rainbow Raider
3%
Thunderer
3%
No matching quizzes found
Score Distribution
Percent of People with Each Score
Percentile by Number Answered
Your Score History
You have not taken this quiz since the last reset